书目信息 |
| 题名: |
近代文学批评史
|
|
| 作者: | 韦勒克 著 ;杨自伍 译 | |
| 分册: | 第五卷 英国批评 | |
| 出版信息: | 上海 上海译文出版社 2002 |
|
| 页数: | 539页 | |
| 开本: | 20cm | |
| 丛书名: | ||
| 单 册: | ||
| 中图分类: | I109.4 | |
| 科图分类: | ||
| 主题词: | 文学批评史--西方国家--近代 | |
| 电子资源: | ||
| ISBN: | 7-5327-2183-3 | |
| 000 | 00732nam0 2200229 45 | |
| 001 | 0412011593 | |
| 005 | 20041201152507.6 | |
| 010 | @a7-5327-2183-3@dCNY33.00 | |
| 100 | @a20041201d2002 km y0chiy0120 ea | |
| 101 | 0 | @achi@ceng |
| 105 | @a z 000yy | |
| 200 | 1 | @a近代文学批评史@AJin Dai Wen Xue Pi Ping Shi@e1750-1950@h第五卷@i英国批评@f(美)雷纳·韦勒克著@F(Mei)Lei Na·Wei Le Ke Zhu@g杨自伍译 |
| 210 | @a上海@c上海译文出版社@d2002 | |
| 215 | @a539页@d20cm | |
| 517 | @a1750-1950 | |
| 517 | @a英国批评@AYing Guo Pi Ping | |
| 606 | 0 | @a文学批评史@y西方国家@z近代 |
| 690 | @aI109.4@v4 | |
| 701 | @a韦勒克@4著 | |
| 702 | 0 | @a杨自伍@AYang Zi Wu@4译 |
| 801 | @aCN@bTSTCL@c20041201 | |
| 905 | @b336588-590@dI109.4@e57:5@f3 | |
| 近代文学批评史:1750-1950.第五卷.英国批评/(美)雷纳·韦勒克著/杨自伍译.-上海:上海译文出版社,2002 |
| 539页;20cm |
| ISBN 7-5327-2183-3:CNY33.00 |
| ● |
| 相关链接 |
|
|
|
|
正题名:近代文学批评史
索取号:I109.4/57:5
 
预约/预借
| 序号 | 登录号 | 条形码 | 馆藏地/架位号 | 状态 | 备注 |
| 1 | 0336588 | 203365884 | 第二借阅区/ [索取号:I109.4/57:5] | 在馆 | |
| 2 | 0336589 | 203365893 | 第二借阅区/ [索取号:I109.4/57:5] | 在馆 | |
| 3 | 0336590 | 203365900 | 第一样本阅览室/ [索取号:I109.4/57:5] | 在馆 |